Verano de colores

Zapisane w:
Opis bibliograficzny
1. autor: Lara Ríos, seud
Format: Książka
Język:Undetermined
Wydane: San José, Costa Rica Ediciones Farben 1990
Hasła przedmiotowe:
Etykiety: Dodaj etykietę
Nie ma etykietki, Dołącz pierwszą etykiete!

MARC

LEADER 00000nam a2200000Ia 4500
008 170316s9999 xx 000 0 und d
090 |a 809 L-2v 
100 |a Lara Ríos, seud. 
245 |a Verano de colores 
260 |a San José, Costa Rica 
260 |b Ediciones Farben 
260 |c 1990 
300 |a 111 páginas 
650 |a LITERATURA INFANTIL Y JUVENIL 
650 |a LITERATURA COSTARRICENSE 
999 |c 20796  |d 20796 
040 |a cru BVZT 
942 |c 15 D  |h 809 L-2v  |2 z